Влияние добавок на термограмму горения свехтонкого порошка алюминия; Фундаментальные и прикладные проблемы современной механики

Detalles Bibliográficos
Parent link:Фундаментальные и прикладные проблемы современной механики.— 2002.— С. 102-103.
Otros Autores: Попенко Е. М., Шамина Ю. Ю., Сергиенко А. В., Ильин А. П. Александр Петрович, Громов А. А. Александр Александрович
Lenguaje:ruso
Publicado: 2002
Materias:
Formato: MixedMaterials Capítulo de libro
KOHA link:https://koha.lib.tpu.ru/cgi-bin/koha/opac-detail.pl?biblionumber=90058

MARC

LEADER 00000naa2a2200000 4500
001 90058
005 20231031103319.0
035 |a (RuTPU)RU\TPU\book\96593 
090 |a 90058 
100 |a 20060203d2002 k y0rusy50 ca 
101 0 |a rus 
102 |a RU 
200 1 |a Влияние добавок на термограмму горения свехтонкого порошка алюминия  |f Е. М. Попенко [и др.] 
320 |a Библиогр.: 2 назв. 
463 0 |0 (RuTPU)RU\TPU\book\50152  |y 5-7511-1605-4  |t Фундаментальные и прикладные проблемы современной механики  |o Доклады III Всеросийской научной конференции, Томск, 2-4 октября 2002 г.  |f Томский государственный университет; Научно-исследовательский институт прикладной математики и механики при Томском университете  |v С. 102-103.  |d 2002  |p 324 с. 
610 1 |a горение 
610 1 |a термограммы 
610 1 |a сверхтонкие порошки 
610 1 |a алюминий 
610 1 |a труды учёных ТПУ 
701 1 |a Попенко  |b Е. М. 
701 1 |a Шамина  |b Ю. Ю. 
701 1 |a Сергиенко  |b А. В. 
701 1 |a Ильин  |b А. П.  |c химик  |c профессор Томского политехнического университета, доктор физико-математических наук  |f 1949-  |g Александр Петрович  |2 stltpush  |3 (RuTPU)RU\TPU\pers\25487 
701 1 |a Громов  |b А. А.  |c химик-технолог  |c профессор Томского политехнического университета, доктор технических наук  |c заместитель проректора по международному сотрудничеству Томского политехнического университета  |f 1975-  |g Александр Александрович  |2 stltpush  |3 (RuTPU)RU\TPU\pers\26810 
801 1 |a RU  |b 63413507  |c 20060203  |g PSBO 
801 2 |a RU  |b 63413507  |c 20160601  |g PSBO 
942 |c BK